000 00285nam a22001337a 4500
008 170220b xxu||||| |||| 00| 0 eng d
020 _a9780397515677
041 _aeng
080 _22ND
_a615
100 _a5
101 _aSHF
245 _aPHARMACOLOGY
_cHARVEY. R.A
942 _2udc
_cBK
999 _c5905
_d5905